| 000 | 00969cab a2200265 4500 | ||
|---|---|---|---|
| 001 | ABS57298 | ||
| 008 | 090401t1997 xxu||||| |||| 00| 0 eng d | ||
| 035 | _a(Sirsi) u79472 | ||
| 041 | _aeng | ||
| 100 | _aBowles, G. | ||
| 245 | _aFinancial management of planned maintenance for housing associations | ||
| 260 | _c1997 | ||
| 350 | _a0 | ||
| 490 |
_aConstruction Management & Economics _v15(4) 1997, 315-326(12) |
||
| 520 | _aReviews the use of sinking funds for building asset management with particular reference to the requirements being made of housing associations. Using linear programming, the benefits of modelling a sinking fund over merely calculating it are demonstrated. References. | ||
| 650 | _aHOUSING ASSOCIATIONS | ||
| 650 | _aLINEAR PROGRAMMING | ||
| 650 | _aMAINTENANCE PLANNING | ||
| 650 | _aPLANNED MAINTENANCE | ||
| 650 | _aSINKING FUNDS | ||
| 690 | _aHOUSING-FINANCE | ||
| 700 | _aGow, H. | ||
| 942 | _n0 | ||
| 948 | _c04/07/1997 | ||
| 999 |
_c49964 _d49964 |
||